Nadi ajaran Islam
| Main Author: | |
|---|---|
| Format: | Book |
| Published: |
Kuala Lumpur :
Jabatan Perdana Menteri ,
1992
|
| Subjects: |
MARC
| LEADER | 00000cam a2200000 7i4500 | ||
|---|---|---|---|
| 001 | 0000004947 | ||
| 002 | 000005334 | ||
| 005 | 20000330.0 | ||
| 020 | |a T000000427 | ||
| 090 | 0 | 0 | |a 297.51 |b AFI |
| 100 | 0 | |a Afif Abd.Fatah Tabarah |f Dr | |
| 245 | 1 | 0 | |a Nadi ajaran Islam |c Dr.Afif Abd Fatah Tabarah |
| 255 | |a Jilid Satu | ||
| 260 | |a Kuala Lumpur : |b Jabatan Perdana Menteri , |c 1992 | ||
| 300 | |a 351 p. ; |c 21 cm. | ||
| 650 | 0 | 0 | |a Islam and reason |
| 999 | |a 034848 |b BUKU |c PINJAMAN |e PERPUSTAKAAN KOMUNITI PETALING JAYA | ||
| 999 | |a 034849 |b BUKU |c PINJAMAN |e PERPUSTAKAAN KOMUNITI PETALING JAYA | ||